00381nam a2200145Ia 4500003000400000005001700004008004100021040000700062082001600069100002900085245003400114260005800148300001600206365001300222OSt20230504154145.0210423s2005 xx 000 0 und d cAL a591.82 BHAS aBHATTACHARJEE (Subrata). aHand book of animal diseases. aNew DelhibDominant Publishers and Distributorsc2005 axii,244bPB b195cINR